The contribution of the Hindus to persian literature in Bengal / (Record no. 77979)

MARC details
000 -LEADER
fixed length control field 00557nam a22001817a 4500
005 - DATE AND TIME OF LATEST TRANSACTION
control field 20130924121017.0
010 ## - LCCN (DPL NO)
LC control number ENG-108128
020 ## - INTERNATIONAL STANDARD BOOK NUMBER
Terms of availability 300.00
035 ## - SYSTEM CONTROL NUMBER
System control number EN-91661
037 ## - SOURCE OF ACQUISITION
Source of stock number/acquisition DBAD/PUB
100 ## - MAIN ENTRY--PERSONAL NAME
Personal name Mohammed Alimuddin
245 ## - TITLE STATEMENT
Title The contribution of the Hindus to persian literature in Bengal /
Statement of responsibility, etc by Mohammed Alimuddin
260 ## - PUBLICATION, DISTRIBUTION, ETC. (IMPRINT)
Place of publication, distribution, etc Kolkata
Name of publisher, distributor, etc Sarfaraz Printing House
Date of publication, distribution, etc 2008
270 ## - ADDRESS
Address S.N. Banerjee Road
City Kolkata
Postal code 700014
300 ## - PHYSICAL DESCRIPTION
Extent iii,166p.
Dimensions 28cm(Hb)
500 ## - GENERAL NOTE
General note Includes bibliographical references and index
942 ## - ADDED ENTRY ELEMENTS (KOHA)
Source of classification or shelving scheme Dewey Decimal Classification
Item type English Books
Call number suffix ALI
Holdings
Withdrawn status Lost status Not for loan Collection code Home library Current library Date acquired Source of acquisition Cost, normal purchase price Full call number Barcode Copy number Cost, replacement price Koha item type
    Not For Loan Non-fiction D.B.Act.Division D.B.Act.Division 23/07/2013 DBAD/PUB 300.00 MOH EN-91661 1 300.00 English Books

© Delhi Public Library
Hit Counter
free hit counter